Flagi Województw - Statystyki

Ogólne statystyki
  • Ten quiz został rozwiązany 30 razy
  • Średni wynik to 10 z 16
Statystyki odpowiedzi
Obrazkowy Odpowiedź % Poprawnych
Województwo Pomorskie
78%
Województwo Dolnośląskie
74%
Województwo Lubuskie
74%
Województwo Śląskie
74%
Województwo Zachodniopomorskie
74%
Województwo Łódzkie
70%
Województwo Opolskie
70%
Województwo Lubelskie
65%
Województwo Mazowieckie
65%
Województwo Wielkopolskie
65%
Województwo Świętokrzyskie
61%
Województwo Kujawsko-Pomorskie
57%
Województwo Podlaskie
57%
Województwo Warmińsko-Mazurskie
57%
Województwo Małopolskie
52%
Województwo Podkarpackie
52%
Nie znaleziono quizów pasujących do podanych kryteriów
Rozkład punktacji
Procent ludzi z każdym wynikiem
Percentyl według liczby udzielonych odpowiedzi
Twoja historia wyników
Nie rozwiązałeś tego quizu